The Vikings (Record no. 15640)
[ view plain ]
| 000 -LEADER | |
|---|---|
| fixed length control field | 02383ngm a22004817a 4500 |
| 006 - FIXED-LENGTH DATA ELEMENTS--ADDITIONAL MATERIAL CHARACTERISTICS--GENERAL INFORMATION | |
| fixed length control field | a|||||s|||||00| 0 |
| 007 - PHYSICAL DESCRIPTION FIXED FIELD--GENERAL INFORMATION | |
| fixed length control field | tz |
| 008 - FIXED-LENGTH DATA ELEMENTS--GENERAL INFORMATION | |
| fixed length control field | 110620s2002 cau|||||s|||| 000 0 eng d |
| 020 ## - INTERNATIONAL STANDARD BOOK NUMBER | |
| International Standard Book Number | 0792852575 |
| 020 ## - INTERNATIONAL STANDARD BOOK NUMBER | |
| International Standard Book Number | 9780792852575 |
| 082 04 - DEWEY DECIMAL CLASSIFICATION NUMBER | |
| Classification number | 791.4372 |
| Item number | VIK |
| Edition number | 22 |
| 245 04 - TITLE STATEMENT | |
| Title | The Vikings |
| Remainder of title | [videorecording] / |
| Statement of responsibility, etc | Directed by Richard Fleischer ; produced by Jerry Bresler ; screenplay by Calder Willingham ; adaptation by Dale Wasserman ; |
| 260 ## - PUBLICATION, DISTRIBUTION, ETC. (IMPRINT) | |
| Place of publication, distribution, etc | Santa Monica, CA : |
| Name of publisher, distributor, etc | MGM Home Entertainment, 2002. |
| Date of publication, distribution, etc | 2002 |
| 300 ## - PHYSICAL DESCRIPTION | |
| Extent | 1 videodisc (116 min.) : |
| Other physical details | sd., col. ; |
| Dimensions | 4 3/4 in. |
| 500 ## - GENERAL NOTE | |
| General note | Originally produced as an American motion picture in 1958. |
| 500 ## - GENERAL NOTE | |
| General note | Based on the novel "The Viking" by Edison Marshall. |
| 500 ## - GENERAL NOTE | |
| General note | Special features: featurette with director Richard Fleischer; original theatrical trailer. |
| 508 ## - CREATION/PRODUCTION CREDITS NOTE | |
| Creation/production credits note | Photography, Jack Cardiff ; music composed and arranged by Mario Nascimbene; edited by Elmo Williams |
| 511 ## - PARTICIPANT OR PERFORMER NOTE | |
| Participant or performer note | Kirk Douglas, Tony Curtis, Ernest Borgnine, Janet Leigh. |
| 520 ## - SUMMARY, ETC. | |
| Summary, etc | The saga of the loves and lusts of the fierce Norse raiders who pillaged Britain over a thousand years ago. |
| 521 ## - TARGET AUDIENCE NOTE | |
| Target audience note | MPAA Rating: Not rated; Canadian Home Video Rating: PG. |
| 538 ## - SYSTEM DETAILS NOTE | |
| System details note | DVD; Region 1, NTSC; Dolby digital mono.; widescreen format, preserving the 2.35:1 aspect ratio of the original theatrical exhibition, enhanced for 16:9 televisions. |
| 546 ## - LANGUAGE NOTE | |
| Language note | In English, dubbed French, or dubbed Spanish with optional subtitles in English, French, or Spanish; closed-captioned. |
| 650 ## - SUBJECT ADDED ENTRY--TOPICAL TERM | |
| 9 (RLIN) | 25561 |
| Topical term or geographic name as entry element | Vikings |
| Form subdivision | Drama |
| 653 ## - INDEX TERM--UNCONTROLLED | |
| Arrived date list | June2011 |
| -- | June2011 |
| 655 ## - INDEX TERM--GENRE/FORM | |
| Genre/form data or focus term | Feature films |
| 700 ## - ADDED ENTRY--PERSONAL NAME | |
| 9 (RLIN) | 24995 |
| Personal name | Douglas, Kirk |
| Dates associated with a name | 1916- |
| Relator term | act |
| 700 ## - ADDED ENTRY--PERSONAL NAME | |
| 9 (RLIN) | 25021 |
| Personal name | Curtis, Tony |
| Dates associated with a name | 1925- |
| Relator term | act |
| 700 ## - ADDED ENTRY--PERSONAL NAME | |
| 9 (RLIN) | 25562 |
| Personal name | Borgnine, Ernest |
| Dates associated with a name | 1917- |
| Relator term | act |
| 700 ## - ADDED ENTRY--PERSONAL NAME | |
| 9 (RLIN) | 25563 |
| Personal name | Leigh, Janet |
| Relator term | act |
| 700 ## - ADDED ENTRY--PERSONAL NAME | |
| 9 (RLIN) | 25008 |
| Personal name | Fleischer, Richard |
| Relator term | drt |
| 700 ## - ADDED ENTRY--PERSONAL NAME | |
| 9 (RLIN) | 25564 |
| Personal name | Bresler, Jerry |
| Relator term | pro |
| 700 ## - ADDED ENTRY--PERSONAL NAME | |
| 9 (RLIN) | 25565 |
| Personal name | Willingham, Calder |
| Dates associated with a name | 1922-1995 |
| Relator term | aus |
| 700 ## - ADDED ENTRY--PERSONAL NAME | |
| 9 (RLIN) | 25566 |
| Personal name | Wasserman, Dale |
| Dates associated with a name | 1922-1995 |
| Relator term | adp |
| 700 ## - ADDED ENTRY--PERSONAL NAME | |
| 9 (RLIN) | 25567 |
| Personal name | Marshall, Edison |
| Dates associated with a name | 1894-1967 |
| Relator term | aut |
| 700 ## - ADDED ENTRY--PERSONAL NAME | |
| 9 (RLIN) | 25568 |
| Personal name | Knox, Alexander |
| Relator term | act |
| 700 ## - ADDED ENTRY--PERSONAL NAME | |
| 9 (RLIN) | 25569 |
| Personal name | Donald, James |
| Relator term | act |
| 700 ## - ADDED ENTRY--PERSONAL NAME | |
| 9 (RLIN) | 25570 |
| Personal name | Nascimbene, Mario |
| Relator term | cmp |
| 700 ## - ADDED ENTRY--PERSONAL NAME | |
| 9 (RLIN) | 25571 |
| Personal name | Cardiff , Jack |
| Relator term | cng |
| 700 ## - ADDED ENTRY--PERSONAL NAME | |
| 9 (RLIN) | 25032 |
| Personal name | Williams, Elmo |
| Dates associated with a name | 1913- |
| Relator term | flm |
| 710 ## - ADDED ENTRY--CORPORATE NAME | |
| 9 (RLIN) | 25251 |
| Corporate name or jurisdiction name as entry element | MGM Home Entertainment Inc. |
| 942 ## - ADDED ENTRY ELEMENTS (KOHA) | |
| Source of classification or shelving scheme | Dewey Decimal Classification |
| Item type | CD | DVD - Movie (NB) |
| Withdrawn status | Lost status | Source of classification or shelving scheme | Damaged status | Not for loan | Koha collection | Location (home branch) | Sublocation or collection (holding branch) | Shelving location | Date acquired | Source of acquisition | Cost, normal purchase price | Invoice Number | Koha issues (times borrowed) | Koha full call number | Piece designation (barcode) | Koha date last seen | Price effective from | Koha item type |
|---|---|---|---|---|---|---|---|---|---|---|---|---|---|---|---|---|---|---|
| Dewey Decimal Classification | Baccah | Central Library | Central Library | Second Floor | 20/06/2011 | Purchase | 166.00 | 12512 | 791.4372 VIK | 000024267 | 24/08/2022 | 20/06/2011 | CD | DVD - Movie (NB) |